[Event "Zone 3.1 Championship 2013"]
[Site "Doha, Qatar"]
[Date "2013.05.11"]
[Round "8.1"]
[White "Eid, Fadi"]
[Black "Darini, Pouria"]
[Result "1/2-1/2"]
[LiveChessVersion "1.4.1"]
[BlackElo "2530"]
[WhiteElo "2364"]

1. e4 {[%clk 1:25:31]} c5 {[%clk 1:30:53]} 2. Nf3 {[%clk 1:25:56]} d6
{[%clk 1:31:03]} 3. d4 {[%clk 1:26:16]} cxd4 {[%clk 1:31:25]} 4. Nxd4
{[%clk 1:26:45]} Nf6 {[%clk 1:31:42]} 5. Nc3 {[%clk 1:27:12]} a6 {[%clk 1:31:53]}
6. Be3 {[%clk 1:27:34]} e5 {[%clk 1:31:04]} 7. Nb3 {[%clk 1:27:42]} Be6
{[%clk 1:31:21]} 8. Qd2 {[%clk 1:28:09]} Nbd7 {[%clk 1:30:37]} 9. O-O-O
{[%clk 1:28:04]} Rc8 {[%clk 1:29:07]} 10. Kb1 {[%clk 1:25:52]} Be7
{[%clk 1:22:47]} 11. f3 {[%clk 1:24:26]} h5 {[%clk 1:22:52]} 12. h4
{[%clk 1:23:28]} b5 {[%clk 1:22:49]} 13. g3 {[%clk 1:22:21]} Qc7 {[%clk 0:58:38]}
14. Nd5 {[%clk 1:15:21]} Nxd5 {[%clk 0:46:05]} 15. exd5 {[%clk 1:15:04]} Bf5
{[%clk 0:46:33]} 16. Bd3 {[%clk 1:13:50]} Bxd3 {[%clk 0:47:01]} 17. Qxd3
{[%clk 1:14:07]} Nb6 {[%clk 0:43:22]} 18. Bxb6 {[%clk 1:07:35]} Qxb6
{[%clk 0:43:50]} 19. Nd2 {[%clk 1:07:02]} g6 {[%clk 0:31:30]} 20. f4
{[%clk 1:03:15]} f5 {[%clk 0:31:22]} 21. Nf3 {[%clk 0:57:04]} e4 {[%clk 0:28:27]}
22. Qd4 {[%clk 0:57:02]} Qxd4 {[%clk 0:28:51]} 23. Nxd4 {[%clk 0:57:29]} Bd8
{[%clk 0:25:17]} 24. Nc6 {[%clk 0:56:40]} Bb6 {[%clk 0:25:19]} 25. Rd2
{[%clk 0:57:09]} Kd7 {[%clk 0:23:49]} 26. c3 {[%clk 0:55:28]} Rxc6
{[%clk 0:18:22]} 27. dxc6+ {[%clk 0:55:34]} Kxc6 {[%clk 0:18:51]} 28. Kc2
{[%clk 0:55:26]} d5 {[%clk 0:13:58]} 29. Kd1 {[%clk 0:55:12]} b4 {[%clk 0:04:57]}
30. Ke2 {[%clk 0:52:25]} bxc3 {[%clk 0:05:03]} 31. bxc3 {[%clk 0:52:47]} Ba5
{[%clk 0:05:29]} 32. Rb1 {[%clk 0:53:05]} Rc8 {[%clk 0:03:51]} 33. Rbd1
{[%clk 0:46:14]} Rd8 {[%clk 0:04:21]} 34. Rb2 {[%clk 0:45:38]} Kc5
{[%clk 0:01:17]} 35. Rb3 {[%clk 0:43:42]} Rd6 {[%clk 0:01:42]} 36. Ra3
{[%clk 0:42:29]} Bd8 {[%clk 0:01:10]} 37. Rb1 {[%clk 0:36:30]} Rc6
{[%clk 0:01:39]} 38. Rb8 {[%clk 0:35:26]} Bf6 {[%clk 0:01:32]} 39. Kd2
{[%clk 0:31:27]} Be7 {[%clk 0:00:39]} 40. Rb7 {[%clk 0:19:18]} Bf6
{[%clk 0:00:34]} 41. Ra7 {[%clk 0:11:58]} Kc4 {[%clk 0:16:33]} 42. Ra4+
{[%clk 0:39:28]} Kb5 {[%clk 0:16:38]} 43. Rb4+ {[%clk 0:39:49]} Kc5
{[%clk 0:09:17]} 44. Rab7 {[%clk 0:36:25]} Kd6 {[%clk 0:04:11]} 45. Rb3
{[%clk 0:36:21]} Kc5 {[%clk 0:02:25]} 46. Rb8 {[%clk 0:36:02]} Kc4
{[%clk 0:02:12]} 47. R8b4+ {[%clk 0:31:19]} Kc5 {[%clk 0:02:41]} 48. Ra4
{[%clk 0:30:17]} Bd8 {[%clk 0:03:10]} 49. Rb7 {[%clk 0:29:22]} Bf6
{[%clk 0:02:49]} 50. Rd7 {[%clk 0:25:11]} e3+ {[%clk 0:02:16]} 51. Kxe3
{[%clk 0:22:41]} Bxc3 {[%clk 0:02:46]} 52. Kd3 {[%clk 0:17:09]} Bb4
{[%clk 0:01:49]} 53. Rb7 {[%clk 0:12:53]} Be1 {[%clk 0:01:02]} 54. Rb3
{[%clk 0:13:10]} Re6 {[%clk 0:00:53]} 55. Kc2 {[%clk 0:11:06]} d4
{[%clk 0:00:37]} 56. Rf3 {[%clk 0:08:50]} Bc3 {[%clk 0:00:40]} 57. Kd3
{[%clk 0:09:02]} Kb5 {[%clk 0:00:37]} 58. Rc4 {[%clk 0:08:10]} Re1
{[%clk 0:01:00]} 59. a4+ {[%clk 0:08:05]} Kb6 {[%clk 0:01:00]} 60. Rc8
{[%clk 0:08:12]} Ka5 {[%clk 0:00:37]} 61. Rc6 {[%clk 0:07:54]} Kxa4
{[%clk 0:00:37]} 62. Rxa6+ {[%clk 0:07:17]} Kb5 {[%clk 0:01:06]} 63. Rxg6
{[%clk 0:07:36]} Rd1+ {[%clk 0:01:35]} 64. Ke2 {[%clk 0:03:30]} Rd2+
{[%clk 0:02:05]} 65. Kf1 {[%clk 0:03:59]} Kc4 {[%clk 0:00:37]} 66. Rc6+
{[%clk 0:01:43]} Kb3 {[%clk 0:01:07]} 67. Rc5 {[%clk 0:01:46]} d3
{[%clk 0:01:05]} 68. Rxf5 {[%clk 0:01:25]} Rd1+ {[%clk 0:00:51]} 69. Kg2
{[%clk 0:01:53]} d2 {[%clk 0:00:57]} 70. Rd3 {[%clk 0:01:26]} Kc2
{[%clk 0:00:52]} 71. Rd7 {[%clk 0:01:29]} Re1 {[%clk 0:00:40]} 72. Rxh5
{[%clk 0:01:39]} d1=Q {[%clk 0:00:52]} 73. Rxd1 {[%clk 0:02:08]} Rxd1
{[%clk 0:01:02]} 74. Rg5 {[%clk 0:02:14]} Kd3 {[%clk 0:01:23]} 75. h5
{[%clk 0:02:30]} Ke4 {[%clk 0:01:31]} 76. h6 {[%clk 0:02:27]} Rd2+
{[%clk 0:01:44]} 77. Kh3 {[%clk 0:02:46]} Rd6 {[%clk 0:01:53]} 78. Rh5
{[%clk 0:03:06]} Kf3 {[%clk 0:01:50]} 79. h7 {[%clk 0:03:05]} Rd1
{[%clk 0:02:12]} 80. Kh2 {[%clk 0:03:17]} Rd2+ {[%clk 0:02:04]} 81. Kh3
{[%clk 0:03:46]} Rd1 {[%clk 0:02:15]} 82. Kh2 {[%clk 0:04:15]} Rd2+
{[%clk 0:00:40]} 83. Kh3 {[%clk 0:04:44]} Rd1 {[%clk 0:00:57]} 1/2-1/2

[Event "Zone 3.1 Championship 2013"]
[Site "Doha, Qatar"]
[Date "2013.05.11"]
[Round "8.3"]
[White "Ghaem Maghami, Ehsan"]
[Black "Al-Modiahki, Mohamad"]
[Result "1/2-1/2"]
[LiveChessVersion "1.4.1"]
[BlackElo "2550"]
[WhiteElo "2568"]

1. e4 {[%clk 1:30:57]} c5 {[%clk 1:27:57]} 2. Nf3 {[%clk 1:31:16]} g6
{[%clk 1:27:06]} 3. d4 {[%clk 1:29:46]} cxd4 {[%clk 1:26:55]} 4. Qxd4
{[%clk 1:29:35]} Nf6 {[%clk 1:27:20]} 5. Nc3 {[%clk 1:29:19]} Nc6
{[%clk 1:10:18]} 6. Qa4 {[%clk 1:29:43]} d6 {[%clk 1:07:21]} 7. e5
{[%clk 1:28:05]} dxe5 {[%clk 1:02:17]} 8. Nxe5 {[%clk 1:28:27]} Bg7
{[%clk 1:02:22]} 9. Bb5 {[%clk 1:28:35]} O-O {[%clk 0:58:30]} 10. Nxc6
{[%clk 1:28:38]} bxc6 {[%clk 0:58:55]} 11. Bxc6 {[%clk 1:28:57]} Rb8
{[%clk 0:59:03]} 12. O-O {[%clk 1:27:03]} Bf5 {[%clk 0:52:10]} 13. Re1
{[%clk 1:16:15]} a5 {[%clk 0:43:51]} 14. a3 {[%clk 1:06:29]} Qb6 {[%clk 0:35:03]}
15. Bf3 {[%clk 1:02:06]} Rfd8 {[%clk 0:34:07]} 16. Bf4 {[%clk 0:54:01]} Rd4
{[%clk 0:18:32]} 17. Qxd4 {[%clk 0:48:47]} Qxd4 {[%clk 0:19:00]} 18. Bxb8
{[%clk 0:49:08]} Qb6 {[%clk 0:12:22]} 19. Be5 {[%clk 0:47:49]} h5
{[%clk 0:12:26]} 20. Bxf6 {[%clk 0:17:16]} Bxf6 {[%clk 0:10:41]} 21. Nd5
{[%clk 0:16:51]} Qxb2 {[%clk 0:10:07]} 22. Nxf6+ {[%clk 0:17:08]} Qxf6
{[%clk 0:09:43]} 23. c4 {[%clk 0:17:13]} Qd4 {[%clk 0:09:30]} 24. Rac1
{[%clk 0:16:29]} Qc5 {[%clk 0:09:27]} 25. Re3 {[%clk 0:14:40]} Kg7
{[%clk 0:08:10]} 26. h4 {[%clk 0:09:52]} Kf8 {[%clk 0:07:04]} 27. g3
{[%clk 0:09:37]} Kg7 {[%clk 0:07:15]} 28. Rce1 {[%clk 0:08:40]} e6
{[%clk 0:06:25]} 29. Be2 {[%clk 0:08:23]} Kf8 {[%clk 0:03:16]} 30. Bf1
{[%clk 0:07:53]} Kg7 {[%clk 0:03:20]} 31. Rc1 {[%clk 0:08:07]} Kf8
{[%clk 0:03:28]} 32. Rb3 {[%clk 0:07:06]} Kg7 {[%clk 0:01:41]} 33. Rd1
{[%clk 0:04:41]} Be4 {[%clk 0:01:54]} 34. Re3 {[%clk 0:03:22]} Bf5
{[%clk 0:02:11]} 35. Rd2 {[%clk 0:03:13]} Qb6 {[%clk 0:02:16]} 1/2-1/2

[Event "Zone 3.1 Championship 2013"]
[Site "Doha, Qatar"]
[Date "2013.05.11"]
[Round "8.5"]
[White "Nezad, Husein Aziz"]
[Black "Khader, Sami"]
[Result "0-1"]
[LiveChessVersion "1.4.1"]
[BlackElo "2374"]
[WhiteElo "2410"]

1. d4 {[%clk 1:29:52]} Nf6 {[%clk 1:29:58]} 2. c4 {[%clk 1:30:09]} e6
{[%clk 1:30:22]} 3. Nc3 {[%clk 1:30:12]} Bb4 {[%clk 1:30:46]} 4. e3
{[%clk 1:30:20]} c5 {[%clk 1:31:11]} 5. Bd3 {[%clk 1:30:23]} Nc6 {[%clk 1:31:34]}
6. Nf3 {[%clk 1:30:45]} Bxc3+ {[%clk 1:31:57]} 7. bxc3 {[%clk 1:31:05]} d6
{[%clk 1:32:05]} 8. O-O {[%clk 1:31:19]} e5 {[%clk 1:32:21]} 9. Nd2
{[%clk 1:30:05]} O-O {[%clk 1:25:51]} 10. Rb1 {[%clk 1:30:06]} Re8
{[%clk 1:24:28]} 11. Qc2 {[%clk 1:27:08]} cxd4 {[%clk 1:18:44]} 12. exd4
{[%clk 1:26:00]} exd4 {[%clk 1:15:44]} 13. Ne4 {[%clk 1:22:36]} Nxe4
{[%clk 1:14:10]} 14. Bxe4 {[%clk 1:22:29]} Qh4 {[%clk 1:14:00]} 15. f3
{[%clk 1:13:10]} Be6 {[%clk 0:55:06]} 16. Rxb7 {[%clk 0:33:28]} Bxc4
{[%clk 0:54:03]} 17. g3 {[%clk 0:17:16]} Qh5 {[%clk 0:34:45]} 18. g4
{[%clk 0:04:00]} Qh3 {[%clk 0:29:27]} 19. Rd1 {[%clk 0:04:10]} d5
{[%clk 0:28:13]} 20. cxd4 {[%clk 0:04:12]} Nxd4 {[%clk 0:28:02]} 21. Bxh7+
{[%clk 0:02:21]} Kh8 {[%clk 0:28:08]} 0-1

[Event "Zone 3.1 Chess Championship 2013 (Men)"]
[Site "Doha - Qatar"]
[Date "2013.??.??"]
[Round "8.6"]
[White "Faraj, Yahya"]
[Black "Ahmed, Ali Layth Ahmed"]
[Result "0-1"]
[WhiteElo "2264"]
[BlackElo "2319"]
[PlyCount "90"]
[EventDate "2013.05.04"]

1. Nf3 Nf6 2. c4 c5 3. e3 e6 4. d4 cxd4 5. exd4 b6 6. Bd3 Bb7 7. O-O Be7 8. Nc3
d5 9. cxd5 Nxd5 10. Ne4 O-O 11. a3 Nc6 12. Bd2 Rc8 13. Rc1 Nf6 14. Bc3 Qd5 15.
Re1 Rfd8 16. Ng3 Bd6 17. Ne4 Be7 18. Ng3 Rd7 19. Qe2 Rdc7 20. Rcd1 Na5 21. Bxa5
bxa5 22. Qd2 Bd6 23. Ne4 Nxe4 24. Bxe4 Qb3 25. Bxb7 Qxb7 26. Rc1 h6 27. Rxc7
Rxc7 28. Rc1 Qe4 29. Rxc7 Bxc7 30. Qc3 Bb6 31. g3 g5 32. h3 Qf5 33. g4 Qe4 34.
a4 Qd5 35. b3 Qe4 36. Kg2 Kh7 37. Qe3 Qd5 38. Kg1 Kg8 39. Qc3 Kg7 40. Qe3 Bc7
41. Kg2 Bf4 42. Qc3 Bd6 43. Qc4 Qe4 44. Qa6 Bb4 45. Qb5 Kh7 0-1

[Event "Zone 3.1 Chess Championship 2013 (Men)"]
[Site "Doha - Qatar"]
[Date "2013.??.??"]
[Round "8.7"]
[White "Tamra, Attallah"]
[Black "Al-Hajiri, Bader"]
[Result "0-1"]
[WhiteElo "2080"]
[BlackElo "2019"]
[PlyCount "76"]
[EventDate "2013.05.04"]

1. Nf3 d5 2. d4 Nf6 3. c4 c6 4. Nc3 e6 5. Bg5 dxc4 6. e4 b5 7. e5 h6 8. Bh4 g5
9. exf6 gxh4 10. Ne5 Qxf6 11. a4 Bb4 12. Be2 Bb7 13. Bf3 Qe7 14. O-O Bxc3 15.
bxc3 a6 16. Re1 O-O 17. Be4 Rc8 18. Qh5 Kg7 19. Re3 Nd7 20. Rf3 Nxe5 21. dxe5
c5 22. Bxb7 Qxb7 23. Qxh4 Rg8 24. Qf6+ Kh7 25. axb5 axb5 26. Re1 Ra7 27. Kf1
Qd5 28. Qf4 b4 29. Qc1 b3 30. h4 Rg6 31. Qb1 Kg7 32. Re4 b2 33. Re1 Qd2 34. h5
Qxe1+ 35. Qxe1 Ra1 36. Re3 Rg5 37. f4 Rxh5 38. Kg1 b1=Q 0-1

[Event "Zone 3.1 Championship 2013"]
[Site "Doha, Qatar"]
[Date "2013.05.11"]
[Round "8.8"]
[White "Jalloul, Maya M."]
[Black "Dahdal, Lougain"]
[Result "0-1"]
[LiveChessVersion "1.4.1"]
[BlackElo "1972"]
[WhiteElo "1962"]

1. d4 {[%clk 1:30:54]} Nf6 {[%clk 1:28:14]} 2. Nc3 {[%clk 1:31:20]} d5
{[%clk 1:28:40]} 3. Bg5 {[%clk 1:31:44]} c5 {[%clk 1:28:27]} 4. e3
{[%clk 1:30:45]} Nc6 {[%clk 1:28:30]} 5. Nf3 {[%clk 1:29:57]} Bg4
{[%clk 1:27:39]} 6. h3 {[%clk 1:29:28]} Bh5 {[%clk 1:27:23]} 7. g4
{[%clk 1:24:47]} Bg6 {[%clk 1:27:44]} 8. Nh4 {[%clk 1:24:26]} e6 {[%clk 1:25:58]}
9. Bg2 {[%clk 1:22:10]} cxd4 {[%clk 1:23:43]} 10. Nxg6 {[%clk 1:19:05]} hxg6
{[%clk 1:24:05]} 11. exd4 {[%clk 1:19:20]} Qb6 {[%clk 1:20:19]} 12. O-O
{[%clk 0:58:49]} Bd6 {[%clk 1:14:13]} 13. Rb1 {[%clk 0:55:18]} a6
{[%clk 1:07:48]} 14. Re1 {[%clk 0:51:29]} O-O {[%clk 1:05:19]} 15. Ne2
{[%clk 0:50:52]} Qc7 {[%clk 1:05:23]} 16. c3 {[%clk 0:50:24]} Nh7
{[%clk 1:04:51]} 17. Bh4 {[%clk 0:46:09]} g5 {[%clk 1:00:25]} 18. Bg3
{[%clk 0:46:23]} b5 {[%clk 1:00:48]} 19. Qd2 {[%clk 0:44:23]} Rab8
{[%clk 0:59:52]} 20. Rbc1 {[%clk 0:42:09]} Ne7 {[%clk 0:57:54]} 21. Kh1
{[%clk 0:40:32]} f5 {[%clk 0:52:56]} 22. Bxd6 {[%clk 0:37:07]} Qxd6
{[%clk 0:53:20]} 23. f4 {[%clk 0:35:59]} fxg4 {[%clk 0:52:14]} 24. fxg5
{[%clk 0:35:53]} gxh3 {[%clk 0:51:56]} 25. Bxh3 {[%clk 0:35:58]} Rf2
{[%clk 0:51:32]} 26. Bg2 {[%clk 0:33:20]} Nf5 {[%clk 0:50:45]} 27. Kg1
{[%clk 0:32:55]} Rxg2+ {[%clk 0:48:46]} 28. Kxg2 {[%clk 0:33:21]} Nh4+
{[%clk 0:49:07]} 29. Kh3 {[%clk 0:30:45]} Nf3 {[%clk 0:48:41]} 30. Qf4
{[%clk 0:31:00]} Nhxg5+ {[%clk 0:46:50]} 31. Kg4 {[%clk 0:30:06]} e5
{[%clk 0:44:20]} 32. dxe5 {[%clk 0:26:46]} Qe6+ {[%clk 0:43:43]} 33. Kg3
{[%clk 0:20:38]} Qh3+ {[%clk 0:42:23]} 34. Kf2 {[%clk 0:20:33]} Ne4+
{[%clk 0:42:44]} 35. Ke3 {[%clk 0:20:41]} Nxe1+ {[%clk 0:42:38]} 0-1